Statistics for Top 20 Best Selling MLB Jerseys (2013-14 Offseason)

Click here to take the quiz!

General Stats

  • This quiz has been taken 925 times
  • The average score is 9 of 20

Answer Stats

RankNumberPositionPlayer% Correct
134DH/1BDavid Ortiz
90%
32SSDerek Jeter
83%
1427OFMike Trout
71%
522SPClayton Kershaw
70%
728CBuster Posey
62%
1166OFYasiel Puig
61%
2152BDustin Pedroia
60%
44CYadier Molina
59%
1234OFBryce Harper
57%
13241B/3BMiguel Cabrera
54%
924/222BRobinson Cano
53%
622OFAndrew McCutchen
38%
1628/841B/DHPrince Fielder
37%
853BDavid Wright
33%
10133BManny Machado
31%
1750SPAdam Wainwright
22%
202/22OFJacoby Ellsbury
18%
1911SPYu Darvish
17%
1533SPMatt Harvey
11%
1819RPKoji Uehara
5%

Score Distribution

Percentile by Number Answered

Percent of People with Each Score

Your Score History

You have not taken this quiz